Notes on instrumentation and control (Record no. 1974)

000 -LEADER
fixed length control field 00364nam a2200145Ia 4500
008 - FIXED-LENGTH DATA ELEMENTS--GENERAL INFORMATION
fixed length control field 191121s 1983 ||||xx |||||||||||||| ||und||
020 ## - INTERNATIONAL STANDARD BOOK NUMBER
International Standard Book Number 9780540073443
082 ## - DEWEY DECIMAL CLASSIFICATION NUMBER
Classification number 620.004
Item number ROY
100 ## - MAIN ENTRY--PERSONAL NAME
Personal name Roy, G J
245 #0 - TITLE STATEMENT
Title Notes on instrumentation and control
260 ## - PUBLICATION, DISTRIBUTION, ETC. (IMPRINT)
Place of publication, distribution, etc London
Name of publisher, distributor, etc Stanford Maritime
Date of publication, distribution, etc 1983
260 ## - PUBLICATION, DISTRIBUTION, ETC. (IMPRINT)
Date of publication, distribution, etc 1983
300 ## - PHYSICAL DESCRIPTION
Extent 141p.
942 ## - ADDED ENTRY ELEMENTS (KOHA)
Item type Books
Holdings
Withdrawn status Lost status Damaged status Not for loan Shelving location Date acquired Date last seen Koha item type Source of classification or shelving scheme Collection code Permanent location Current location Full call number Barcode Public note
          2019-11-21 2019-11-21 Books              
        General Stacks 2019-11-21 2025-03-17 Books   Non-fiction IMU-MPC Library IMU-MPC Library 620.004 ROY LBS8272 Column-5
Copyright © 2021 Indian Maritime University, Mumbai Port Campus. All Rights Reserved. Managed & Maintained by Central Library, IMU-Mumbai

webs counters

Powered by Koha